100 Najwartościowszych Piłkarzy La Liga - Statystyki

Ogólne statystyki
  • Ten quiz został rozwiązany 146 razy
  • Średni wynik to 27 z 100
Statystyki odpowiedzi
Miejsce Nazwisko % Poprawnych
4 Messi
89%
54 Benzema
82%
25 Vinicius
78%
6 Ter Stegen
74%
15 Griezmann
72%
86 Suarez
70%
11 Pedri
69%
24 Rodrygo
69%
1 Oblak
67%
5 De Jong
66%
49 Alba
65%
23 Kroos
65%
7 Courtois
64%
3 Fati
59%
10 Casemiro
55%
2 Felix
55%
21 Mendy
53%
22 | 51 Dembele
52%
17 Koke
52%
8 Valverde
50%
31 Carvajal
49%
40 Militao
46%
9 Varane
46%
53 Araujo
45%
18 Saul
43%
12 Oyarzabal
40%
26 Hazard
39%
14 Kounde
37%
52 Lenglet
37%
16 Gimenez
36%
19 Torres
35%
56 Roberto
33%
55 Dest
31%
36 Moreno
31%
38 Asensio
30%
33 Carrasco
30%
28 Coutinho
30%
69 Isco
29%
13 Llorente
29%
41 Lodi
28%
45 Lemar
27%
50 Williams
27%
47 Fekir
26%
59 Savić
25%
30 Correa
24%
43 Isak
23%
42 Simon
23%
57 | 95 Gomez
22%
32 Gaya
19%
29 Ocampos
19%
72 Trippier
19%
87 Vazquez
19%
20 Carlos
18%
99 Felipe
18%
35 Hermoso
18%
48 Martinez
17%
44 Pjanić
16%
90 Kubo
15%
27 Merino
15%
81 Rodriguez
15%
34 Soler
15%
37 En Nesyri
14%
71 Canales
13%
88 Guedes
13%
78 Puig
13%
46 Trincao
13%
92 Kondogbia
12%
80 Bono
11%
82 Suso
8%
89 Zubimendi
8%
100 Herrera
7%
61 Alcacer
6%
93 Carvalho
6%
64 Chukwueze
6%
68 Cucurella
6%
39 Jordan
6%
76 Le Normand
6%
60 Torreira
6%
91 Alena
5%
98 Bardhi
5%
97 Paulista
5%
66 Remiro
5%
62 Djene
4%
73 Portu
4%
83 Berchiche
3%
79 Campana
3%
70 Arambarri
2%
84 Berenguer
2%
65 Gil
2%
75 Yeray
2%
63 Zubeldia
2%
94 Elustondo
1%
96 Lee
1%
77 Maksimovic
1%
58 Royal
1%
67 Tapia
1%
85 Barenetxea
0%
74 Nunez
0%
Nie znaleziono quizów pasujących do podanych kryteriów
Rozkład punktacji
Procent ludzi z każdym wynikiem
Percentyl według liczby udzielonych odpowiedzi
Twoja historia wyników
Nie rozwiązałeś tego quizu